Big and small, room for all / (Record no. 3511)

MARC details
000 -LEADER
fixed length control field 00869cam a2200253 a 4500
005 - DATE AND TIME OF LATEST TRANSACTION
control field 20250828160141.0
020 ## - INTERNATIONAL STANDARD BOOK NUMBER
International Standard Book Number 9780887768910 (hardcover)
040 ## - CATALOGING SOURCE
Original cataloging agency DLC
Transcribing agency DLC
Language of cataloging eng
050 00 - LIBRARY OF CONGRESS CALL NUMBER
Classification number PZ7.B635786
Item number 2009
082 00 - DEWEY DECIMAL CLASSIFICATION NUMBER
Classification number 153.752
100 1# - MAIN ENTRY--PERSONAL NAME
Personal name Bogart, Jo Ellen
245 10 - TITLE STATEMENT
Title Big and small, room for all /
Statement of responsibility, etc. Jo Ellen Bogart ; illustrated by Gillian Newland
260 ## - PUBLICATION, DISTRIBUTION, ETC.
Place of publication, distribution, etc. New York :
Name of publisher, distributor, etc. Scholastic ,
Date of publication, distribution, etc. 2009
300 ## - PHYSICAL DESCRIPTION
Extent 32 unnumbered pages :
Other physical details color illustrations ;
Dimensions 21 cm .
505 ## - FORMATTED CONTENTS NOTE
Formatted contents note C <br/>
520 ## - SUMMARY, ETC.
Summary, etc. Introduces the reader to relative sizes, from the vastness of the universe to things too small to see with the naked eye.
521 ## - TARGET AUDIENCE NOTE
Target audience note 150 <br/>
Source Lexile <br/>
521 ## - TARGET AUDIENCE NOTE
Target audience note C <br/>
Source Raz-Plus <br/>
650 #1 - SUBJECT ADDED ENTRY--TOPICAL TERM
Topical term or geographic name entry element Size
Form subdivision Fiction
700 1# - ADDED ENTRY--PERSONAL NAME
Personal name Newland, Gillian
Relator term illustrator
906 ## - LOCAL DATA ELEMENT F, LDF (RLIN)
a 7
b cbc
c orignew
d 2
e ncip
f 20
g y-gencatlg
942 ## - ADDED ENTRY ELEMENTS (KOHA)
Source of classification or shelving scheme Dewey Decimal Classification
Koha item type Books
Suppress in OPAC No
999 ## -
-- 3511
-- 3511
Holdings
Withdrawn status Lost status Source of classification or shelving scheme Damaged status Not for loan Collection Home library Current library Shelving location Date acquired Total Checkouts Full call number Barcode Date last seen Price effective from Koha item type Copy number
    Dewey Decimal Classification     Juvenile Fiction Footprints International School Library Network Toul Tom Poung Campus Footprints International School Library Network Toul Tom Poung Campus TTP Primary Green Bookshelves 03/14/2024   BOG 153.752 PZ7.B635786 FISTK02280 03/14/2024 03/14/2024 Books  
    Dewey Decimal Classification     Juvenile Fiction Footprints International School Library Network Toul Tom Poung Campus Footprints International School Library Network Toul Tom Poung Campus TTP Primary Green Bookshelves 08/28/2025   BOG 153.752 PZ7.B635786 FISBK05350 08/28/2025 08/28/2025 Books 2